UBT Library

The Merriam-Webster dictionary. (Record no. 39981)

000 -LEADER
fixed length control field 00633cam a2200241 a 4500
001 - CONTROL NUMBER
control field 13678414
005 - DATE AND TIME OF LATEST TRANSACTION
control field 20180110070926.0
008 - FIXED-LENGTH DATA ELEMENTS--GENERAL INFORMATION
fixed length control field 040805s2004 mau d 000 0 eng d
010 ## - LIBRARY OF CONGRESS CONTROL NUMBER
LC control number 2004301918
020 ## - INTERNATIONAL STANDARD BOOK NUMBER
International Standard Book Number 087779930X
035 ## - SYSTEM CONTROL NUMBER
System control number (OCoLC)ocm55894521
040 ## - CATALOGING SOURCE
Original cataloging agency JQW
Transcribing agency JQW
Modifying agency DLC
041 ## - LANGUAGE CODE
Language code of text/sound track or separate title eng
042 ## - AUTHENTICATION CODE
Authentication code lccopycat
080 ## - UNIVERSAL DECIMAL CLASSIFICATION NUMBER
Universal Decimal Classification number 423 web
082 00 - DEWEY DECIMAL CLASSIFICATION NUMBER
Classification number 423 web
Edition number 22
100 ## - Rafti
Rafti 26
101 ## - Shkurtesa
Shkurtesa FJA
245 04 - TITLE STATEMENT
Title The Merriam-Webster dictionary.
906 ## - LOCAL DATA ELEMENT F, LDF (RLIN)
a 7
b cbc
c copycat
d 2
e ncip
f 20
g y-gencatlg
942 ## - ADDED ENTRY ELEMENTS (KOHA)
Source of classification or shelving scheme
Item type Books
Holdings
Withdrawn status Lost status Source of classification or shelving scheme Damaged status Not for loan Collection code Permanent location Current location Shelving location Date acquired Total Checkouts Full call number Barcode Date last seen Price effective from Koha item type
          Koleksioni i përgjithshem UBT - Lipjan UBT - Lipjan Koleksioni i përgjithshem 01/10/2018   423 web 002-2995096 01/10/2018 01/10/2018 Reference
          Koleksioni i përgjithshem UBT - Lipjan UBT - Lipjan Koleksioni i përgjithshem 01/10/2018   423 web 002-2995101 01/10/2018 01/10/2018 Reference
UBT Library © 2015-2024. All rights reserved University Education for Business and Technology